000 00478nam a2200181Ia 4500
001 20405
003 GE_BSU
008 181216s||||||||xx |||||||||||||| ||und||
040 _cGE_BSU
245 _aParis Match, du 30 mars AU 5 Avril. №3541. 2017
260 _aParis
260 _c2017
300 _a114p. 30cm. ill.
653 _aParis Match, du 30 mars AU 5 Avril. №3541. 2017
653 _aПериодика
653 _aპერიოდიკა
942 _cCR
999 _c53362
_d53362